The Learning Teacher (Record no. 182697)

MARC details
000 -LEADER
fixed length control field 00582nam a22001817a 4500
005 - DATE AND TIME OF LATEST TRANSACTION
control field 20211202105128.0
010 ## - LCCN (DPL NO)
LC control number ENG-130167
020 ## - INTERNATIONAL STANDARD BOOK NUMBER
International Standard Book Number 978-93-88126-39-7
Terms of availability 700.00
035 ## - SYSTEM CONTROL NUMBER
System control number EN-113699
037 ## - SOURCE OF ACQUISITION
Source of stock number/acquisition DBAD/PUB
082 ## - DEWEY DECIMAL CLASSIFICATION NUMBER
Classification number 370.1
100 ## - MAIN ENTRY--PERSONAL NAME
Personal name Natarasan, Ayesha Era.
245 ## - TITLE STATEMENT
Title The Learning Teacher
Statement of responsibility, etc Ayesha Era. Natarasan
260 ## - PUBLICATION, DISTRIBUTION, ETC. (IMPRINT)
Place of publication, distribution, etc Chennai
Name of publisher, distributor, etc Indian Universities Press
Date of publication, distribution, etc 2018
270 ## - ADDRESS
City Chennai
Postal code 600018
Address 7, Elango Salai, Teynampet
Electronic mail address thamizhbooks@gmail.com
Telephone number 044-24332424
300 ## - PHYSICAL DESCRIPTION
Extent 175p.
Dimensions 22cm(hbk)
Other physical details Appendix
942 ## - ADDED ENTRY ELEMENTS (KOHA)
Source of classification or shelving scheme Dewey Decimal Classification
Item type English Books
Classification part 370.1
Call number suffix AYE
Holdings
Withdrawn status Lost status Not for loan Collection code Home library Current library Date acquired Source of acquisition Cost, normal purchase price Full call number Barcode Copy number Cost, replacement price Koha item type
      Non-fiction Shahdara Branch Shahdara Branch 02/12/2021 DBAD/PUB 195.00 370.1 AYE EN-113699 1 195.00 English Books

© Delhi Public Library
Hit Counter
free hit counter